Normal view MARC view

Entry Personal Name

Number of records used in: 2

001 - CONTROL NUMBER

  • control field: 69908

003 - CONTROL NUMBER IDENTIFIER

  • control field:

005 - DATE AND TIME OF LATEST TRANSACTION

  • control field: 20260409092805.0

008 - FIXED-LENGTH DATA ELEMENTS

  • fixed length control field: 260409|| aca||aabn | a|a d

040 ## - CATALOGING SOURCE

  • Original cataloging agency:
  • Transcribing agency:

100 ## - HEADING--PERSONAL NAME

  • Personal name: AMEH, Omanibe B

670 ## - SOURCE DATA FOUND

  • Source citation: Work cat.: ()33973: AMEH, Omanibe B. aut, Tears on my pillow :, 2025

National Library of Nigeria OPAC is powered by Koha